A-Z: names ending in Y - Statistics

General Stats
  • This quiz has been taken 25 times
  • The average score is 13 of 26
Answer Stats
Initial letter Clue Name ending in Y % Correct
B Singers Corgan, Ocean and Idol Billy
96%
H British prince Harry
92%
U South American nation Uruguay
92%
Z First name of US president Taylor, and a Byzantine pope Zachary
92%
T Tennis star Austin and singer Chapman Tracy
88%
G Striker Lineker and actors Coleman and Cooper Gary
83%
P Surname of singers Katy and Joe, dub producer Lee "Scratch", and Friends actor Matthew Perry
83%
R First name of football comic hero Race and Jaws actor Scheider Roy
79%
K Secretary of state John from the Obama administration Kerry
63%
Q Fictional TV doctor, and Boston suburb Quincy
63%
E Actor from Beverly Hills Cop Eddie Murphy
58%
W Large church in central London Westminster Abbey
58%
V The capital of unoccupied France in World War II Vichy
50%
A First name of Rangers striker McCoist Ally
46%
D Surname of Australian golfer Jason Day
42%
F Washing-up liquid brand Fairy
38%
O Jamaican sprinter Merlene who appeared in a record seven Olympics Ottey
33%
I Burmese river Irrawaddy
25%
C Northamptonshire town Corby
21%
J Surname of dour Scottish TV reverend with the initials I.M. Jolly
17%
L British foreign secretary David Lammy
17%
N Dundee United defender David who scored a famous goal against Brazil Narey
17%
Y Western starring Gregory Peck, which could describe a sunset Yellow Sky
17%
M Abstract artist whose real name was Emmanuel Radnitzky Man Ray
13%
S Name used in the title of a 70s British detective series, which refers to a fictional villain Sweeney
8%
X District of Laos Xonaboury
4%
No matching quizzes found
Score Distribution
Percent of People with Each Score
Percentile by Number Answered
Your Score History
You have not taken this quiz